|
|
|
|
| LEADER |
00000nab a2200000 a 4500 |
| 001 |
vtls000193119 |
| 003 |
SK-MaSNL |
| 005 |
20260319074652.0 |
| 008 |
220422c1984 xo 0 eng |
| 015 |
|
|
|a SNBRB19rr/mm-uuuuu
|
| 035 |
|
|
|a CL0203232
|
| 040 |
|
|
|a SNKBUCL
|b slo
|c SNKBUCL
|e AACR2
|
| 041 |
0 |
|
|a eng
|
| 044 |
|
|
|a xo
|c SK
|
| 080 |
|
|
|a 579.88:57.086.3
|2 1981
|
| 080 |
|
|
|a 57.086.3
|2 1981
|
| 100 |
1 |
|
|a Avakjan, A. A.
|4 aut
|9 925145
|
| 245 |
1 |
0 |
|a rikketcii i chlamigii: sravniteľnaja elektronnomikroskopičeskaja charakteristika
|c A. A. Avakjan, V. L. Popov
|
| 300 |
|
|
|b Tb. 1. Obr. 7., lit. 65 zázn. v ruš., franc., angl.
|
| 650 |
0 |
7 |
|a Rickettsiaceae
|2 snkbucl
|9 931094
|
| 650 |
0 |
7 |
|a Chlamydiaceae (čeľaď)
|2 snkbucl
|9 931095
|
| 655 |
|
7 |
|a články z novín a časopisov
|2 snkbucl
|9 267496
|
| 700 |
1 |
|
|a Popov, V. L.
|4 aut
|9 925146
|
| 773 |
0 |
|
|t Acta virologica
|g Roč. 28, č. 2 (1984), s. 159-173
|
| 850 |
|
|
|a Slovenská národná knižnica v Martine
|a MTA001
|
| 852 |
|
|
|a SNK
|b KIS3GCP
|
| 958 |
|
|
|a NB
|
| 958 |
|
|
|a RK
|
| 958 |
|
|
|a ME
|
| 958 |
|
|
|a RU
|
| 992 |
|
|
|a RBX
|
| 999 |
|
|
|c 1477430
|d 1479360
|